[Event "FEDA International IM 2020"]
[Site "La Palma"]
[Date "2020.12.08"]
[Round "9.5"]
[White "Garrido Outon, Alex"]
[Black "Adla, Diego"]
[Result "1-0"]
[WhiteElo "2359"]
[BlackElo "2433"]
[Annotator "TA"]
[PlyCount "69"]
[EventDate "2020.11.29"]
[EventCountry "ESP"]
[SourceTitle "playchess.com"]
[Source "ChessBase"]
[SourceQuality "1"]

{[%evp 15,69,10,6,-16,49,45,39,27,30,23,15,12,21,18,75,59,93,76,120,51,58,28,131,129,103,110,105,119,113,121,135,61,100,103,117,104,110,96,202,202,192,170,229,227,222,187,212,238,256,252,1241,1257,1617,1606,1366,1329]} 1. e4 e6 2. d4 d5 3. Nc3 Nf6 4. e5 Nfd7 5. f4 c5 6. Nf3 Nc6 7. Be3 Be7 8. Qd2 O-O 9. h4 {C11: French: Classical System: 4 e5 and 4 Bg5 dxe4.} c4 {[#]} (9... cxd4 $11 10. Nxd4 Bxh4+ 11. Kd1 Nxd4 12. Bxd4 h6) 10. g4 $146 ({Predecessor:} 10. f5 b5 11. fxe6 fxe6 12. Ng5 Nb6 13. Nxb5 Rb8 14. a4 Nxa4 15. Rxa4 Rxb5 16. c3 Qb6 {0-1 (28) Paravyan,D (2653)-Vysochin,S (2501) chess.com INT 2020}) 10... b5 11. Ne2 {White is slightly better.} ({Don't play} 11. Nxb5 Qb6 $15) 11... f6 12. Bg2 b4 13. c3 Rb8 14. h5 fxe5 (14... a5 $11) 15. fxe5 $16 Nb6 16. O-O Na4 17. Rab1 (17. Qc2 $16 b3 18. axb3 cxb3 19. Qb1) 17... Bd7 $14 18. g5 Be8 (18... bxc3 $11 {keeps the balance.} 19. bxc3 Qa5) 19. g6 $1 $16 hxg6 20. Nf4 Rxf4 21. Bxf4 gxh5 22. Bh3 Bf7 23. Qg2 (23. Qc2 $16 Nb6 24. Kh2) 23... Kh8 24. Qc2 {[%mdl 1024] White has strong compensation.} Nb6 25. Kh1 Nd7 26. Rg1 Nf8 (26... bxc3 $16 {was called for.} 27. bxc3 Rxb1 28. Qxb1 Nf8) 27. Qg2 $1 $18 {[%csl Gg1][%cal Rg2g7]} g6 28. Ng5 Qe8 (28... Bg8 $142 29. Nf3 Bf7) 29. Nxf7+ Qxf7 {[#]} 30. Rbf1 $1 Qg7 {[#]} 31. Qd2 $1 {Hoping for Bh6.} bxc3 32. bxc3 {aiming for Bh6.} Nd8 $2 (32... Qg8 33. Bg5 Nh7) 33. Bh6 {Black must now prevent Rxf8+!White is clearly winning.} Qg8 34. Bxf8 {[%mdl 64] Overworked Piece} Bxf8 35. Rf6 {Accuracy: White = 89%, Black = 42%.} 1-0